Gaming Quiz

Random Gaming or Pokémon Quiz

Nenne alle Pokemon der zweiten Generation DE/EN Quiz Stats

 Plays Quiz not verified by Sporcle

Score 0/100 Timer 10:00
0 Plays Today
Pokedex-Nummer Pokemon % Correct
152.Endivie
100%
153.Lorblatt
100%
154.Meganie
100%
155.Feurigel
91.7%
156.Igelavar
91.7%
157.Tornupto
91.7%
158.Karnimani
91.7%
160.Impergator
91.7%
243.Raikou
91.7%
244.Entei
91.7%
245.Suicune
91.7%
249.Lugia
91.7%
250.Ho-Oh
91.7%
159.Tyracroc
83.3%
161.Wiesor
83.3%
162.Wiesenior
83.3%
163.Hoothoot
83.3%
164.Noctuh
83.3%
173.Pii
83.3%
196.Psiana
83.3%
197.Nachtara
83.3%
240.Magby
83.3%
251.Celebi
83.3%
167.Webarak
75%
168.Ariados
75%
179.Voltilamm
75%
180.Waaty
75%
181.Ampharos
75%
199.Laschoking
75%
208.Stahlos
75%
212.Scherox
75%
230.Seedraking
75%
236.Rabauz
75%
239.Elekid
75%
Pokedex-Nummer Pokemon % Correct
241.Miltank
75%
174.Fluffeluff
66.7%
175.Togepi
66.7%
176.Togetic
66.7%
198.Kramurx
66.7%
201.Icognito
66.7%
237.Kapoera
66.7%
238.Kussilla
66.7%
246.Larvitar
66.7%
247.Pupitar
66.7%
248.Despotar
66.7%
172.Pichu
58.3%
185.Mogelbaum
58.3%
186.Quaxo
58.3%
203.Girafarig
58.3%
214.Skaraborn
58.3%
228.Hunduster
58.3%
229.Hundemon
58.3%
242.Heiteira
58.3%
165.Ledyba
50%
166.Ledian
50%
182.Blubella
50%
194.Felino
50%
195.Morlord
50%
200.Traunfugil
50%
204.Tannza
50%
205.Forstellka
50%
207.Skorgla
50%
210.Granbull
50%
233.Porygon2
50%
169.Iksbat
41.7%
171.Lanturn
41.7%
177.Natu
41.7%
178.Xatu
41.7%
Pokedex-Nummer Pokemon % Correct
189.Papungha
41.7%
191.Sonnkern
41.7%
192.Sonnflora
41.7%
202.Woingenau
41.7%
209.Snubbull
41.7%
215.Sniebel
41.7%
223.Remoraid
41.7%
224.Octillery
41.7%
226.Mantax
41.7%
231.Phanpy
41.7%
232.Donphan
41.7%
234.Damhirplex
41.7%
170.Lampi
33.3%
183.Marill
33.3%
184.Azumarill
33.3%
187.Hoppspross
33.3%
190.Griffel
33.3%
193.Yanma
33.3%
206.Dummisel
33.3%
213.Pottrott
33.3%
217.Ursaring
33.3%
218.Schneckmag
33.3%
219.Magcargo
33.3%
221.Keifel
33.3%
222.Corasonn
33.3%
225.Botogel
33.3%
227.Panzaeron
33.3%
235.Farbeagle
33.3%
188.Hubelupf
25%
211.Baldorfish
25%
216.Teddiursa
25%
220.Quiekel
25%

You're not logged in!

Compare scores with friends on all Sporcle quizzes.
OR
Log In

Show Comments

Extras

Created May 16, 2019ReportNominate
Tags:Pokémon Quiz

Top Quizzes Today


Score Distribution

Your Account Isn't Verified!

In order to create a playlist on Sporcle, you need to verify the email address you used during registration. Go to your Sporcle Settings to finish the process.

Report this User

Report this user for behavior that violates our Community Guidelines.

Details: